Statistics for Mystery US State #1

Click here to take the quiz!

General Stats

  • This quiz has been taken 91 times
  • The average score is 12 of 15

Answer Stats

QuestionClues% Correct
2. What National Park is located in northwestern Wyoming?
99%
3. What is the nearest major city to the Hoover Dam?
93%
1. What is the southernmost state capital?The Mystery State is not connected to the Pacific Ocean
92%
The Mystery State does not share a border with Mexico
88%
4. What is the biggest city in North Dakota?
86%
5. What is the westernmost city in Texas?
81%
6. What historical highway connected Chicago to Santa Monica?
78%
7. In what city would you find Beale Street, famous for its blues clubs?
78%
Kansas
75%
The Mystery State is ranked 35th by population
75%
The Mystery State shares borders with 4 other states
75%
The Mystery State has the following nickname: The Sunflower State
71%
The Mystery State is part of the region called Great Plains
68%
The Mystery State has Topeka as its capital
67%
The Mystery State is:
61%

Score Distribution

Percentile by Number Answered

Percent of People with Each Score

Your Score History

You have not taken this quiz